A serious address to the common people : on account of the late insurrection at Hexham, March 9, 1761. ...

Bibliographic Details
Format: eBook
Language:English
Series:Eighteenth century collections online.
Online Access:Full text online

MARC

Tag First Indicator Second Indicator Subfields
LEADER 00000cam a2200000 4500
001 in00001908987
006 m | d |
007 cr |n||||||||n
008 790922s1761 enk|||| s 00||||eng d
005 20260403172124.9
035 |a (CStRLIN)ESTCT17487 
040 |a Uk-ES  |c Uk-ES  |d CStRLIN  |d Thomson Gale  |d UtOrBLW 
245 0 2 |a A serious address to the common people :  |b on account of the late insurrection at Hexham, March 9, 1761. ... 
264 3 |a Newcastle :  |b printed by J. White, for W. Charnley,  |c 1761. 
300 |a 20p. ;  |c 8⁰. 
336 |a text  |b txt  |2 rdacontent 
337 |a computer  |b c  |2 rdamedia 
338 |a online resource  |b cr  |2 rdacarrier 
500 |a Reproduction of original from the British Library. 
510 4 |a English Short Title Catalog,  |c ESTCT17487. 
533 |a Electronic reproduction.  |b Farmington Hills, Mich. :  |c Thomson Gale,  |d 2003.  |n Available via the World Wide Web.  |n Access limited by licensing agreements  |7 s2003 miunns 
500 |a Electronic resource. 
830 0 |a Eighteenth century collections online. 
856 4 0 |u http://proxy.library.tamu.edu/login?url=https://galenet.galegroup.com/servlet/ECCO?c=1&stp=Author&ste=11&af=BN&ae=T017487&tiPG=1&dd=0&dc=flc&docNum=CW120680423&vrsn=1.0&srchtp=a&d4=0.33&n=10&SU=0LRF&locID=txshracd2898  |z Full text online  |t 0 
999 |a MARS 
999 f f |s 33cd5019-ca26-3b3c-bde6-12d85a32cbac  |i c627b7a9-2aec-3817-acc0-bc9f1ed65a06  |t 0 
952 f f |a Texas A&M University  |b College Station  |c Electronic Resources  |s www_evans  |d Available Online  |t 0  |h No information provided 
998 f f |t 0  |l Available Online